<?xml version="1.0" encoding="UTF-8"?>
<collection xmlns="http://www.loc.gov/MARC21/slim">
 <record>
  <leader>02833aam a22003858a 4500</leader>
  <controlfield tag="001">NCT_9646</controlfield>
  <controlfield tag="008">060605s2006                  ||||||viesd</controlfield>
  <datafield tag="999" ind1=" " ind2=" ">
   <subfield code="c">475</subfield>
   <subfield code="d">475</subfield>
  </datafield>
  <datafield tag="020" ind1=" " ind2=" ">
   <subfield code="c">54000</subfield>
  </datafield>
  <datafield tag="082" ind1="0" ind2="4">
   <subfield code="2">23rd ed.</subfield>
   <subfield code="a">615.1</subfield>
   <subfield code="b">D557</subfield>
  </datafield>
  <datafield tag="100" ind1="1" ind2=" ">
   <subfield code="a">Hoàng Thị Kim Huyền</subfield>
   <subfield code="e">Chủ biên</subfield>
  </datafield>
  <datafield tag="245" ind1=" " ind2=" ">
   <subfield code="a">Dược lâm sàng</subfield>
   <subfield code="b">Sách dùng đào tạo dược sĩ đại học</subfield>
   <subfield code="c">Hoàng Thị Kim Huyền (chủ biên)</subfield>
  </datafield>
  <datafield tag="260" ind1=" " ind2=" ">
   <subfield code="a">H.</subfield>
   <subfield code="b">Y học</subfield>
   <subfield code="c">2011</subfield>
  </datafield>
  <datafield tag="300" ind1=" " ind2=" ">
   <subfield code="a">235tr.</subfield>
   <subfield code="b">hình vẽ, bảng</subfield>
   <subfield code="c">27cm</subfield>
  </datafield>
  <datafield tag="500" ind1=" " ind2=" ">
   <subfield code="a">ĐTTS ghi: Bộ Y tế</subfield>
  </datafield>
  <datafield tag="520" ind1="3" ind2=" ">
   <subfield code="a">Vài nét khái quát về dược lâm sàng. Các nguyên tắc cơ bản trong sử dụng một số thuốc kháng sinh, vitamin, chất khoáng, thuốc chống viêm... cho các loại lứa tuổi</subfield>
  </datafield>
  <datafield tag="653" ind1=" " ind2=" ">
   <subfield code="a">Dược học</subfield>
  </datafield>
  <datafield tag="655" ind1=" " ind2=" ">
   <subfield code="a">Dược học</subfield>
  </datafield>
  <datafield tag="700" ind1="1" ind2=" ">
   <subfield code="a">Đặng Hanh Phức</subfield>
  </datafield>
  <datafield tag="700" ind1="1" ind2=" ">
   <subfield code="a">Hoàng Thị Kim Huyền</subfield>
   <subfield code="e">Chủ biên</subfield>
  </datafield>
  <datafield tag="700" ind1="1" ind2=" ">
   <subfield code="a">Phan Quỳnh Lan</subfield>
  </datafield>
  <datafield tag="700" ind1="1" ind2=" ">
   <subfield code="a">Phạm Thị Thuý Vân</subfield>
  </datafield>
  <datafield tag="700" ind1="1" ind2=" ">
   <subfield code="a">Nguyễn Thị Liên Hương</subfield>
  </datafield>
  <datafield tag="942" ind1=" " ind2=" ">
   <subfield code="2">ddc</subfield>
   <subfield code="c">BK</subfield>
  </datafield>
  <datafield tag="952" ind1=" " ind2=" ">
   <subfield code="0">0</subfield>
   <subfield code="1">0</subfield>
   <subfield code="2">ddc</subfield>
   <subfield code="4">0</subfield>
   <subfield code="6">615_100000000000000_D557</subfield>
   <subfield code="7">0</subfield>
   <subfield code="9">3260</subfield>
   <subfield code="a">000001</subfield>
   <subfield code="b">000001</subfield>
   <subfield code="d">2017-11-10</subfield>
   <subfield code="l">5</subfield>
   <subfield code="m">3</subfield>
   <subfield code="o">615.1 D557</subfield>
   <subfield code="p">MD.05701</subfield>
   <subfield code="r">2020-12-24</subfield>
   <subfield code="s">2020-12-07</subfield>
   <subfield code="v">54000.00</subfield>
   <subfield code="w">2017-11-10</subfield>
   <subfield code="y">BK</subfield>
  </datafield>
  <datafield tag="952" ind1=" " ind2=" ">
   <subfield code="0">0</subfield>
   <subfield code="1">0</subfield>
   <subfield code="2">ddc</subfield>
   <subfield code="4">0</subfield>
   <subfield code="6">615_100000000000000_D557</subfield>
   <subfield code="7">0</subfield>
   <subfield code="9">3261</subfield>
   <subfield code="a">000001</subfield>
   <subfield code="b">000001</subfield>
   <subfield code="d">2017-11-10</subfield>
   <subfield code="l">5</subfield>
   <subfield code="o">615.1 D557</subfield>
   <subfield code="p">MD.05702</subfield>
   <subfield code="r">2020-11-11</subfield>
   <subfield code="s">2020-10-31</subfield>
   <subfield code="v">54000.00</subfield>
   <subfield code="w">2017-11-10</subfield>
   <subfield code="y">BK</subfield>
  </datafield>
  <datafield tag="952" ind1=" " ind2=" ">
   <subfield code="0">0</subfield>
   <subfield code="1">0</subfield>
   <subfield code="2">ddc</subfield>
   <subfield code="4">0</subfield>
   <subfield code="6">615_100000000000000_D557</subfield>
   <subfield code="7">0</subfield>
   <subfield code="9">3262</subfield>
   <subfield code="a">000001</subfield>
   <subfield code="b">000001</subfield>
   <subfield code="d">2017-11-10</subfield>
   <subfield code="l">6</subfield>
   <subfield code="m">2</subfield>
   <subfield code="o">615.1 D557</subfield>
   <subfield code="p">MD.05703</subfield>
   <subfield code="r">2020-12-24</subfield>
   <subfield code="s">2020-12-07</subfield>
   <subfield code="v">54000.00</subfield>
   <subfield code="w">2017-11-10</subfield>
   <subfield code="y">BK</subfield>
  </datafield>
  <datafield tag="952" ind1=" " ind2=" ">
   <subfield code="0">0</subfield>
   <subfield code="1">0</subfield>
   <subfield code="2">ddc</subfield>
   <subfield code="4">0</subfield>
   <subfield code="6">615_100000000000000_D557</subfield>
   <subfield code="7">0</subfield>
   <subfield code="9">3263</subfield>
   <subfield code="a">000001</subfield>
   <subfield code="b">000001</subfield>
   <subfield code="d">2017-11-10</subfield>
   <subfield code="l">4</subfield>
   <subfield code="o">615.1 D557</subfield>
   <subfield code="p">MD.05704</subfield>
   <subfield code="r">2020-12-07</subfield>
   <subfield code="s">2020-11-24</subfield>
   <subfield code="v">54000.00</subfield>
   <subfield code="w">2017-11-10</subfield>
   <subfield code="y">BK</subfield>
  </datafield>
  <datafield tag="952" ind1=" " ind2=" ">
   <subfield code="0">0</subfield>
   <subfield code="1">0</subfield>
   <subfield code="2">ddc</subfield>
   <subfield code="4">0</subfield>
   <subfield code="6">615_100000000000000_D557</subfield>
   <subfield code="7">0</subfield>
   <subfield code="9">3264</subfield>
   <subfield code="a">000001</subfield>
   <subfield code="b">000001</subfield>
   <subfield code="d">2017-11-10</subfield>
   <subfield code="l">6</subfield>
   <subfield code="o">615.1 D557</subfield>
   <subfield code="p">MD.05706</subfield>
   <subfield code="r">2020-12-07</subfield>
   <subfield code="s">2020-11-24</subfield>
   <subfield code="v">54000.00</subfield>
   <subfield code="w">2017-11-10</subfield>
   <subfield code="y">BK</subfield>
  </datafield>
  <datafield tag="952" ind1=" " ind2=" ">
   <subfield code="0">0</subfield>
   <subfield code="1">0</subfield>
   <subfield code="2">ddc</subfield>
   <subfield code="4">0</subfield>
   <subfield code="6">615_100000000000000_D557</subfield>
   <subfield code="7">0</subfield>
   <subfield code="9">3265</subfield>
   <subfield code="a">000001</subfield>
   <subfield code="b">000001</subfield>
   <subfield code="d">2017-11-10</subfield>
   <subfield code="l">4</subfield>
   <subfield code="m">1</subfield>
   <subfield code="o">615.1 D557</subfield>
   <subfield code="p">MD.05707</subfield>
   <subfield code="r">2020-11-24</subfield>
   <subfield code="s">2020-11-06</subfield>
   <subfield code="v">54000.00</subfield>
   <subfield code="w">2017-11-10</subfield>
   <subfield code="y">BK</subfield>
  </datafield>
  <datafield tag="952" ind1=" " ind2=" ">
   <subfield code="0">0</subfield>
   <subfield code="1">0</subfield>
   <subfield code="2">ddc</subfield>
   <subfield code="4">0</subfield>
   <subfield code="6">615_100000000000000_D557</subfield>
   <subfield code="7">0</subfield>
   <subfield code="9">3266</subfield>
   <subfield code="a">000001</subfield>
   <subfield code="b">000001</subfield>
   <subfield code="d">2017-11-10</subfield>
   <subfield code="l">3</subfield>
   <subfield code="m">3</subfield>
   <subfield code="o">615.1 D557</subfield>
   <subfield code="p">MD.05708</subfield>
   <subfield code="r">2020-11-25</subfield>
   <subfield code="s">2020-11-06</subfield>
   <subfield code="v">54000.00</subfield>
   <subfield code="w">2017-11-10</subfield>
   <subfield code="y">BK</subfield>
  </datafield>
  <datafield tag="952" ind1=" " ind2=" ">
   <subfield code="0">0</subfield>
   <subfield code="1">0</subfield>
   <subfield code="2">ddc</subfield>
   <subfield code="4">0</subfield>
   <subfield code="6">615_100000000000000_D557</subfield>
   <subfield code="7">0</subfield>
   <subfield code="9">3267</subfield>
   <subfield code="a">000001</subfield>
   <subfield code="b">000001</subfield>
   <subfield code="d">2017-11-10</subfield>
   <subfield code="o">615.1 D557</subfield>
   <subfield code="p">MD.05709</subfield>
   <subfield code="r">2017-11-10</subfield>
   <subfield code="v">54000.00</subfield>
   <subfield code="w">2017-11-10</subfield>
   <subfield code="y">BK</subfield>
  </datafield>
  <datafield tag="952" ind1=" " ind2=" ">
   <subfield code="0">0</subfield>
   <subfield code="1">0</subfield>
   <subfield code="2">ddc</subfield>
   <subfield code="4">0</subfield>
   <subfield code="6">615_100000000000000_D557</subfield>
   <subfield code="7">0</subfield>
   <subfield code="9">17952</subfield>
   <subfield code="a">000001</subfield>
   <subfield code="b">000001</subfield>
   <subfield code="d">2019-09-19</subfield>
   <subfield code="l">3</subfield>
   <subfield code="m">1</subfield>
   <subfield code="o">615.1 D557</subfield>
   <subfield code="p">MD.16110</subfield>
   <subfield code="r">2020-03-11</subfield>
   <subfield code="s">2020-03-04</subfield>
   <subfield code="v">54000.00</subfield>
   <subfield code="w">2019-09-19</subfield>
   <subfield code="y">BK</subfield>
  </datafield>
  <datafield tag="952" ind1=" " ind2=" ">
   <subfield code="0">0</subfield>
   <subfield code="1">0</subfield>
   <subfield code="2">ddc</subfield>
   <subfield code="4">0</subfield>
   <subfield code="6">615_100000000000000_D557</subfield>
   <subfield code="7">0</subfield>
   <subfield code="9">20702</subfield>
   <subfield code="a">000001</subfield>
   <subfield code="b">000001</subfield>
   <subfield code="d">2020-10-29</subfield>
   <subfield code="l">2</subfield>
   <subfield code="m">1</subfield>
   <subfield code="o">615.1 D557</subfield>
   <subfield code="p">MD.09076</subfield>
   <subfield code="r">2020-12-24</subfield>
   <subfield code="s">2020-12-07</subfield>
   <subfield code="v">54000.00</subfield>
   <subfield code="w">2020-10-29</subfield>
   <subfield code="y">BK</subfield>
  </datafield>
  <datafield tag="980" ind1=" " ind2=" ">
   <subfield code="a">Thư viện Trường Đại học Nam Cần Thơ</subfield>
  </datafield>
 </record>
</collection>
